Hotwheels Trivia - Statistics

General Stats
  • This quiz has been taken 29 times
  • The average score is 12 of 31
Answer Stats
Picture Hint Answer % Correct
Rarity Super Treasure Hunt
91%
Rarity Treasure Hunt
91%
Series Batman
77%
Brand Mattel
77%
Rung Premium
64%
Rarity Chase
55%
Rung Mainline
50%
Rung Red Line Club
50%
Casting Bone Shaker
45%
Series Pop culture
45%
Casting Twin Mill
45%
Series Boulevard
41%
Feature Realriders
41%
Casting Deora
36%
Feature Metal/Metal
36%
Series Team Transport
36%
Series Car culture
27%
Series Elite 64
27%
Event Hotwheels Legends Tour
27%
Series NFT Garage
27%
Casting ’55 Chevy Bel Air Gasser
23%
Casting Beach Bomb
23%
Show Let's Race
23%
Series Mystery Models
23%
Exlusive Red Edition
23%
Rung Silver Line / Themed Assortments
23%
Exclusives ZAMAC
23%
Casting Kool Kombi
18%
Casting Roger Dodger
18%
Brand Mattel Creations
14%
Series Premium Collector Set
14%
No matching quizzes found
Score Distribution
Percent of People with Each Score
Percentile by Number Answered
Your Score History
You have not taken this quiz